000 00399 a2200169 4500
001 74404
020 _a8506011396
040 _cAnchieta - Colégio São Paulo
100 _aCaselli, Giovanni
240 1 0 _aA renascença e o novo mundo
_lpor
245 1 0 _aA renascença e o novo mundo
300 _a
362 0 _a1985
440 1 _aMelhoramentos
650 4 _aHistória do mundo
942 _cBK
999 _c74404
_d74404